000 00390nam a2200157Ia 4500
008 210716s2003 xx 000 0 und d
020 _a8125911189
041 _aeng
082 _a339.3 VAIM
100 _aVaish, M C
245 _aMacroeconomic theory.
250 _a12
260 _aNew Delhi
_bVikas Publishing House Pvt Ltd
_c2003
300 _axiii,766
650 _aMacro Economics
999 _c199496
_d199496